000
00327nam a2200133Ia 4500
005
20260328104300.0
008
260328s9999||||xx |||||||||||||| ||und||
100
_a
Snøhetta
245
0
_a
Snøhetta People process projects /
_c
Snøhetta
260
_b
Forlaget Press
300
_a
296 p.
650
_a
FOTOGRAFÍA
942
_c
BK
999
_c
10582
_d
10582